000 00270nam a22001097a 4500
008 160614b xxu||||| |||| 00| 0 eng d
020 _a080166764X
041 _aeng
080 _a618.2
245 _aNursing theorists and their work:
_cAnn Marriner-Tomey;
942 _2udc
_cBK
999 _c2502
_d2502